000 00225nam a22000857a 4500
999 _c1222
_d1222
003 OSt
005 20171113131551.0
008 160630b xxu||||| |||| 00| 0 eng d
020 _a9788125025191
040 _cHOME SCIENCE
100 _91477
_a Philip, T.E
245 _aModern Cookery
260 _aNew Delhi
_bOrient Publication
_c2003
942 _2ddc
_cREF